Asian Capitals With No Vowels - Statistics

General Stats
  • This quiz has been taken 26 times
  • The average score is 37 of 47
Answer Stats
Hint Capital % Correct
bghdd Baghdad
92%
bndr sr bgwn Bandar Seri Begawan
92%
dhk Dhaka
92%
jkrt Jakarta
92%
kbl Kabul
92%
nw dlh New Delhi
92%
tbls Tbilisi
92%
thmph Thimphu
92%
bjng Beijing
88%
jrslm Jerusalem
88%
kthmnd Kathmandu
88%
kl lmpr Kuala Lumpur
88%
pngng Pyongyang
88%
rydh Riyadh
88%
sngpr Singapore
88%
bk Baku
83%
bngkk Bangkok
83%
msct Muscat
83%
phnm pnh Phnom Penh
83%
ulnbtr Ulaanbaatar
83%
dmscs Damascus
79%
dshnb Dushanbe
79%
slmbd Islamabad
79%
tshknt Tashkent
79%
vntn Vientiane
79%
mmn Amman
75%
shgbt Ashgabat
75%
bshkk Bishkek
75%
kwt ct Kuwait City
75%
ml Malé
75%
mnm Manama
75%
n py tw Naypyidaw
75%
ncs Nicosia
75%
nkr Ankara
71%
stn Astana
71%
hn Hanoi
71%
mnl Manila
71%
sl Seoul
71%
brt Beirut
67%
dl Dili
67%
dh Doha
67%
sr jwrdnpr ktt Sri Jayawardenapura Kotte
67%
thrn Tehran
67%
rvn Yerevan
67%
sn Sana'a
58%
tk Tokyo
58%
b dhb Abu Dhabi
54%
No matching quizzes found
Score Distribution
Percent of People with Each Score
Percentile by Number Answered
Your Score History
You have not taken this quiz